Things you get for free (Record no. 36551)

MARC details
000 -LEADER
fixed length control field 00543nam a2200181Ia 4500
020 ## - INTERNATIONAL STANDARD BOOK NUMBER
ISBN 9780871138378
050 ## - CALL MARK
Classification number BX 4705 .M476 .A3/
100 ## - STATEMENT OF RESPONSIBILITY--MAIN AUTHOR NAME
Personal name McGirr, Michael
245 #0 - TITLE STATEMENT
Title Things you get for free
260 ## - PUBLICATION, DISTRIBUTION, ETC. (IMPRINT)
Place of publication New York
260 ## - PUBLICATION, DISTRIBUTION, ETC. (IMPRINT)
Name of publisher Atlantic Monthly Press
260 ## - PUBLICATION, DISTRIBUTION, ETC. (IMPRINT)
Year of publication 2002
300 ## - PHYSICAL DESCRIPTION
Number of Pages 296 p
650 ## - SUBJECT ADDED ENTRY--TOPICAL TERM
Topical Term McGirr, Michael, 1961---Travel--Europe. McGirr, Michael, 1961- Jesuits--Australia--Biography. Europe--Description and travel.
942 ## - ADDED ENTRY ELEMENTS (KOHA)
Koha item type Books
Holdings
Withdrawn status Lost status Source of classification or shelving scheme Damaged status Not for loan Permanent Location Current Location Date acquired Accession Number Price effective from Koha item type
    Library of Congress Classification     NILE UNIVERSITY OF NIGERIA - MAIN LIBRARY NILE UNIVERSITY OF NIGERIA - MAIN LIBRARY 04/23/2025 0011897 04/23/2025 Books